STATUS AND PROBLEMS OF CHILDREN WITH DISABILITIES (Record no. 23132)

MARC details
000 -LEADER
fixed length control field 00342nam a22001457a 4500
003 - CONTROL NUMBER IDENTIFIER
control field SGT
020 ## - INTERNATIONAL STANDARD BOOK NUMBER
International Standard Book Number 978-81-8457-340-4
082 ## - DEWEY DECIMAL CLASSIFICATION NUMBER
Classification number 362.40
Item number BOR
100 ## - MAIN ENTRY--PERSONAL NAME
Personal name BORAIAN M P
245 ## - TITLE STATEMENT
Title STATUS AND PROBLEMS OF CHILDREN WITH DISABILITIES
260 ## - PUBLICATION, DISTRIBUTION, ETC. (IMPRINT)
Place of publication, distribution, etc KANISHKA PUB NEW DELHI
Year of Publication 2022
300 ## - PAGE DESCRIPTION
No. of Pages 122
650 ## - SUBJECT ADDED ENTRY--TOPICAL TERM
Topical term or geographic name as entry element EDUCATION
942 ## - ADDED ENTRY ELEMENTS (KOHA)
Source of classification or shelving scheme Dewey Decimal Classification
Koha item type Books
Holdings
Withdrawn status Lost status Source of classification or shelving scheme Damaged status Not for loan Home library Current library Date acquired Vendor Name Cost, normal purchase price SGTU Bill Number Full call number Accession No. (Barcode) Date last seen Bill Date Koha item type
    Dewey Decimal Classification     SGT Engineering Library SGT Engineering Library 08/08/2022 A B C PVT LTD 500.00 SGTU 14817 362.40 BOR ED5002 08/08/2022 27/07/2022 Books
    Dewey Decimal Classification     SGT Engineering Library SGT Engineering Library 08/08/2022 A B C PVT LTD 500.00 SGTU 14817 362.40 BOR ED5003 08/08/2022 27/07/2022 Books
    Dewey Decimal Classification     SGT Engineering Library SGT Engineering Library 08/08/2022 A B C PVT LTD 500.00 SGTU 14817 362.40 BOR ED5004 08/08/2022 27/07/2022 Books